00330 a2200121 450000100060000010000110000624500200001726000280003709000170006594200230008299900190010595200840012445990 aClarke aBoxing for boys aLondonbMartin's Lanec c29110d29110 aNUST-CAEcMc21237 c281063d281063 001040708NFICaCAEbCAEd2017-04-03l0pCAE38171r2017-04-05w2017-04-05yBK